| 000 | 00436nam a2200157 i 4500 | ||
|---|---|---|---|
| 001 | 89141 | ||
| 003 | ES-MaACL | ||
| 005 | 20230906180102.0 | ||
| 007 | t| | ||
| 008 | 050105s1964 sp ||||1| spa d | ||
| 100 | 1 |
_aLara, José Manuel de. _970207 |
|
| 245 | 1 | 0 |
_aLo perdido en el tiempo / _cJosé Manuel de Lara. |
| 260 |
_aSevilla : _bGonzález Cabañas, _c1964. |
||
| 300 |
_a75 p. ; _c22 cm. |
||
| 852 |
_aES-MaACL _jC-25229 _bR.53892 |
||
| 999 |
_c89141 _d89141 |
||